Death in the Clouds (Record no. 4163)

MARC details
000 -LEADER
fixed length control field 00383nam a22001697a 4500
005 - DATE AND TIME OF LATEST TRANSACTION
control field 20260406132342.0
008 - FIXED-LENGTH DATA ELEMENTS--GENERAL INFORMATION
fixed length control field 160627b xxu||||| |||| 00| 0 eng d
020 ## - INTERNATIONAL STANDARD BOOK NUMBER
ISBN 978-0-00-711933-2
041 ## - LANGUAGE CODE
Language code of text/sound track or separate title eng
082 ## - DEWEY DECIMAL CLASSIFICATION NUMBER
Classification number 823.912
100 ## - MAIN ENTRY--AUTHOR NAME
Personal name Agatha Christie
245 ## - TITLE STATEMENT
Title Death in the Clouds
260 ## - PUBLICATION, DISTRIBUTION, ETC. (IMPRINT)
Name of publisher Harper
Year of publication 2001
300 ## - PHYSICAL DESCRIPTION
Number of Pages 333
650 ## - SUBJECT ADDED ENTRY--TOPICAL TERM
Topical Term Management
942 ## - ADDED ENTRY ELEMENTS (KOHA)
Koha item type Books
Holdings
Lost status Damaged status Collection code Home library Current library Shelving location Date acquired Cost, normal purchase price Full call number Accession Number Koha item type
    LIFE SKILL JRU Library JRU Library SHELF-101-B 27/06/2016 150.00 823.912 10413 Books